| 000 | 00775nam a22002057a 4500 | ||
|---|---|---|---|
| 005 | 20240806164403.0 | ||
| 010 | _aB-760131 CH-EN | ||
| 020 |
_a9788129139535 _c140.00 |
||
| 035 | _aB-760131 | ||
| 037 |
_bGift _adpl |
||
| 082 | _aS | ||
| 245 |
_aJunior Classics-19 : _bthe adventure of the cardboard box,the adventure of the crooked man, the adventure of the greek interpreter, the adventure of the final problem / |
||
| 260 |
_aNew Delhi _bRed Turtle Rupa _c2016 |
||
| 270 |
_a7/16, Ansari Road, Daryaganj _bNew Delhi _e110002 |
||
| 300 |
_a127p. _c18cm(pbk) |
||
| 490 |
_aJunor Clssics _v20 Volumes |
||
| 650 |
_a Children's literature. _969643 |
||
| 942 |
_cCH _2ddc _mJUN _hS |
||
| 999 |
_c204913 _d204913 |
||